LEADER 02255nam0 2200445 i 450 001 VAN0051450 005 20240109092457.385 010 $a978-35-405-0003-2 100 $a20060907d1988 |0itac50 ba 101 $aeng 102 $aDE 105 $a|||| ||||| 200 1 $aMathematical economics$electures given at the 2nd 1986 session of the Centro internazionale matematico estivo (CIME) held at Montecatini Terme, Italy, June 25-July 3, 1986$fA. Ambrosetti, F. Gori, R. Lucchetti, eds 210 $aBerlin$cSpringer$d1988 215 $aVI, 137 p.$d25 cm 410 1$1001VAN0050834$12001 $aLecture notes in mathematics. Fondazione CIME. Firenze$1210 $aBerlin$cSpringer$1300 $aDal 2011: C.I.M.E. Foundation Subseries 461 1$1001VAN0102250$12001 $aLecture notes in mathematics$1210 $aBerlin [etc.]$cSpringer$v1330 606 $a00Bxx$xConference proceedings and collections of articles [MSC 2020]$3VANC021742$2MF 606 $a90-XX$xOperations research, mathematical programming [MSC 2020]$3VANC025650$2MF 610 $aEconomics$9KW:K 610 $aEquilibrium$9KW:K 610 $aGame Theory$9KW:K 610 $aGeneral equilibrium$9KW:K 610 $aGeneral equilibrium theory$9KW:K 610 $aMathematical Economics$9KW:K 620 $dBerlin$3VANL000066 702 1$aAmbrosetti$bAntonio$3VANV040423 702 1$aGori$bFranco$f1944- $3VANV040421 702 1$aLucchetti$bRoberto$3VANV040422 712 02$aCentro internazionale matematico estivo$3VANV021913 712 $aSpringer $3VANV108073$4650 791 02$aC.I.M.E.$zCentro internazionale matematico estivo$3VANV021914 791 02$aCIME $zCentro internazionale matematico estivo$3VANV021915 801 $aIT$bSOL$c20240614$gRICA 856 4 $u/sebina/repository/catalogazione/documenti/Ambrosetti, Gori, Lucchetti - Mathematical economics.pdf$zContents 899 $aBIBLIOTECA DEL DIPARTIMENTO DI MATEMATICA E FISICA$1IT-CE0120$2VAN08 912 $aVAN0051450 950 $aBIBLIOTECA DEL DIPARTIMENTO DI MATEMATICA E FISICA$d08PREST 90-XX 0116 $e08 2718 I 20060907 996 $aMathematical economics$9262256 997 $aUNICAMPANIA LEADER 01589nam2 22003733i 450 001 VAN0278347 005 20240731023535.993 017 70$2N$a9789811665509 100 $a20240620d2022 |0itac50 ba 101 $aeng 102 $aSG 105 $a|||| ||||| 200 1 $aˆ3: ‰Algebraic Topology and Topology of Fiber Bundles$fMahima Ranjan Adhikari 210 $aSingapore$cSpringer$d2022 215 $axxv, 468 p.$cill.$d24 cm 461 1$1001VAN0278343$12001 $aBasic Topology$1210 $aSingapore$cSpringer$d2022$1215 $a3 volumi$cill.$d24 cm$v3 606 $a55Rxx$xFiber spaces and bundles in algebraic topology [MSC 2020]$3VANC024235$2MF 610 $aAlgebra$9KW:K 610 $aCategory Theory$9KW:K 610 $aHistory of algebraic topology$9KW:K 610 $aHomotopy$9KW:K 610 $aTopology$9KW:K 610 $afiber bundleS$9KW:K 620 $aSG$dSingapore$3VANL000061 700 1$aAdhikari$bMahima Ranjan$3VANV230878$0957608 712 $aSpringer $3VANV108073$4650 801 $aIT$bSOL$c20240802$gRICA 856 4 $uhttps://doi.org/10.1007/978-981-16-6550-9$zE-book ? Accesso al full-text attraverso riconoscimento IP di Ateneo, proxy e/o Shibboleth 899 $aBIBLIOTECA DEL DIPARTIMENTO DI MATEMATICA E FISICA$1IT-CE0120$2VAN08 912 $fN 912 $aVAN0278347 950 $aBIBLIOTECA DEL DIPARTIMENTO DI MATEMATICA E FISICA$d08CONS e-Book 8969 $e08eMF8969 20240701 996 $aAlgebraic Topology and Topology of Fiber Bundles$94165378 997 $aUNICAMPANIA